Rental values - what is happening? (Record no. 69742)

MARC details
000 -LEADER
fixed length control field 01046cam a2200229 4500
001 - CONTROL NUMBER
control field ABS65198
008 - FIXED-LENGTH DATA ELEMENTS--GENERAL INFORMATION
fixed length control field 020308n2002 000 0 eng u
035 ## - SYSTEM CONTROL NUMBER
System control number (Sirsi) u117057
100 ## - MAIN ENTRY--PERSONAL NAME
Personal name Lillie, D.
245 ## - TITLE STATEMENT
Title Rental values - what is happening?
260 ## - PUBLICATION, DISTRIBUTION, ETC.
Date of publication, distribution, etc. 2002
490 ## - SERIES STATEMENT
Series statement Property Forecast
Volume/sequential designation 5(2) February 2002, 11-12(2)
520 ## - SUMMARY, ETC.
Summary, etc. Looks at suggestions that rental values in the pub, bar and restaurant sector are cooling, and observes this is not supported by a detailed review if the market. Highlights reasons for rental values fluctuating due to location, condition at rent review, and facilities such as parking provision. Concludes that with landlords looking at other potential uses for a site, there will be a continued shortage of good quality space, which will drive rental values. Tables.
590 ## - LOCAL NOTE (RLIN)
Local note ABS
650 ## - SUBJECT ADDED ENTRY--TOPICAL TERM
Topical term or geographic name entry element RENTAL VALUES
650 ## - SUBJECT ADDED ENTRY--TOPICAL TERM
Topical term or geographic name entry element PUBLIC HOUSES
650 ## - SUBJECT ADDED ENTRY--TOPICAL TERM
Topical term or geographic name entry element PUBS
650 ## - SUBJECT ADDED ENTRY--TOPICAL TERM
Topical term or geographic name entry element RESTAURANTS
650 ## - SUBJECT ADDED ENTRY--TOPICAL TERM
Topical term or geographic name entry element LEISURE PROPERTIES
690 ## - LOCAL SUBJECT ADDED ENTRY--TOPICAL TERM (OCLC, RLIN)
Topical term or geographic name as entry element PROPERTY MANAGEMENT-COMMERCIAL PROPERTY
942 ## - ADDED ENTRY ELEMENTS (KOHA)
Suppress in OPAC 0
Holdings
Withdrawn status Lost status Source of classification or shelving scheme Damaged status Not for loan Home library Current library Shelving location Date acquired Total Checkouts Full call number Barcode Date last seen Copy number Price effective from Koha item type
    Dewey Decimal Classification     London London Journal article 08/03/2002   ABS65198 117057-1001 06/08/2019 1 06/08/2019 Journal article